Statistics for Top 5 Countries that produce ... #16

Click here to take the quiz!

General Stats

  • This quiz has been taken 51 times
  • The average score is 26 of 30

Answer Stats

Answer% Correct
Brazil
96%
Brazil
96%
China
96%
China
96%
China
96%
China
96%
China
96%
India
94%
India
94%
India
94%
India
94%
United States
94%
United States
94%
United States
94%
Italy
91%
Italy
91%
Mexico
91%
Mexico
91%
Mexico
91%
Mexico
91%
Indonesia
89%
Turkey
89%
Turkey
89%
Iran
81%
Argentina
77%
Argentina
77%
Thailand
72%
Vietnam
66%
Algeria
40%
Uzbekistan
32%

Score Distribution

Percentile by Number Answered

Percent of People with Each Score

Your Score History

You have not taken this quiz